000 00306nam a2200097Ia 4500
008 201231s9999 xx 000 0 und d
100 _aChang, Richard Y
245 0 _aMeetings that works -practical guide : A practical guide to shorter and more productive meetings
260 _aLondon
_bKogan Page
942 _cBK
999 _c9298
_d9298